000
00290nam a2200109Ia 4500
008
160531s9999 xx 000 0 und d
100
_a
Reber, Franz von.
245
_a
History of ancient art
245
_c
Franz von Reber
260
_c
2016
856
_u
http://www.gutenberg.org/ebooks/42082
999
_c
295018
_d
295018